[Event "Fide Women GP Nalchik 2010"]
[Site "Nalchik"]
[Date "2010.04.27"]
[Round "2.3"]
[White "Zhao, Xue"]
[Black "Kosintseva, Tatiana"]
[Result "1/2-1/2"]
[WhiteElo "2490"]
[BlackElo "2524"]
[PlyCount "47"]
[EventDate "2010.04.26"]
[EventType "tourn"]
[EventRounds "11"]
[EventCountry "RUS"]
[EventCategory "9"]
[Source "lmi"]
[SourceDate "2010.04.26"]

1. d4 Nf6 2. c4 e6 3. Nf3 d5 4. Nc3 Bb4 5. Bg5 Nbd7 6. cxd5 exd5 7. e3 c5 8.
Be2 Qa5 9. O-O Bxc3 10. bxc3 c4 11. Qc2 Ne4 12. Rac1 Nb6 13. Bf4 O-O 14. Ng5
Nxg5 15. Bxg5 Re8 16. h4 Bd7 17. f3 Bc6 18. Rf2 Qa3 19. Qd2 Re6 20. Bd1 Ba4 21.
Be2 Bc6 22. Bd1 Ba4 23. Be2 Bc6 24. Bd1 1/2-1/2

[Event "Fide Women GP Nalchik 2010"]
[Site "Nalchik"]
[Date "2010.05.03"]
[Round "7.3"]
[White "Cramling, Pia"]
[Black "Kovanova, Baira"]
[Result "1-0"]
[WhiteElo "2523"]
[BlackElo "2385"]
[PlyCount "71"]
[EventDate "2010.04.26"]
[EventType "tourn"]
[EventRounds "11"]
[EventCountry "RUS"]
[EventCategory "9"]
[Source "lmi"]
[SourceDate "2010.04.26"]

1. Nf3 Nf6 2. c4 e6 3. Nc3 Bb4 4. Qc2 O-O 5. a3 Bxc3 6. Qxc3 b6 7. g3 Bb7 8.
Bg2 d6 9. O-O Nbd7 10. b4 c5 11. Bb2 Qe7 12. d3 Rfc8 13. Qd2 Rc7 14. e4 d5 15.
exd5 exd5 16. Qf4 Qd8 17. Nh4 d4 18. Bxb7 Rxb7 19. Nf5 Nf8 20. Rfe1 Ne6 21. Qf3
Rd7 22. Bc1 Rc8 23. Bd2 Ne8 24. a4 Nd6 25. b5 Qc7 26. a5 Nxf5 27. Qxf5 Re8 28.
axb6 axb6 29. Ra6 Rde7 30. Rea1 h6 31. h4 Nf8 32. Qd5 Re2 33. Ra7 Qe5 34. Qxf7+
Kh7 35. Bf4 Re1+ 36. Kg2 1-0

[Event "Fide Women GP Nalchik 2010"]
[Site "Nalchik"]
[Date "2010.05.03"]
[Round "7.4"]
[White "Mkrtchian, Lilit"]
[Black "Dzagnidze, Nana"]
[Result "1/2-1/2"]
[WhiteElo "2503"]
[BlackElo "2479"]
[PlyCount "110"]
[EventDate "2010.04.26"]
[EventType "tourn"]
[EventRounds "11"]
[EventCountry "RUS"]
[EventCategory "9"]
[Source "lmi"]
[SourceDate "2010.04.26"]

1. d4 Nf6 2. c4 e6 3. Nc3 Bb4 4. Qc2 O-O 5. a3 Bxc3+ 6. Qxc3 b6 7. Bg5 Bb7 8.
e3 d6 9. Ne2 Nbd7 10. Qc2 c5 11. Rd1 Qc7 12. Nc3 a6 13. Qd2 h6 14. Bh4 Rad8 15.
dxc5 dxc5 16. Qd6 Rc8 17. Qxc7 Rxc7 18. f3 Bc6 19. a4 Rd8 20. Be2 Kf8 21. Kf2
Ke8 22. e4 Rb7 23. Ke3 Ne5 24. Bg3 Rxd1 25. Rxd1 Ng6 26. Rb1 Ne7 27. Be1 Nd7
28. b3 Nf8 29. f4 g5 30. g3 Nh7 31. h4 a5 32. Nb5 Rd7 33. Bc3 Kf8 34. hxg5 hxg5
35. Rh1 Kg8 36. fxg5 Nf5+ 37. Kf4 Nd4 38. Bd1 Nf8 39. Ke3 Nf5+ 40. Kf2 Nd4 41.
Bb2 Nh7 42. Nxd4 cxd4 43. Rh4 e5 44. Bc1 Rd6 45. Bf3 Rg6 46. Rh5 Kg7 47. Ke2
Bd7 48. Kf2 Bc8 49. Ke2 Bb7 50. Kd3 Bc8 51. Ke2 Bb7 52. Kd3 Bc8 53. Ke2 Bb7 54.
Kf2 Bc8 55. Ke2 Bb7 1/2-1/2

[Event "Fide Women GP Nalchik 2010"]
[Site "Nalchik"]
[Date "2010.05.03"]
[Round "7.5"]
[White "Hou, Yifan"]
[Black "Munguntuul, Batkhuyag"]
[Result "1-0"]
[WhiteElo "2570"]
[BlackElo "2428"]
[PlyCount "119"]
[EventDate "2010.04.26"]
[EventType "tourn"]
[EventRounds "11"]
[EventCountry "RUS"]
[EventCategory "9"]
[Source "lmi"]
[SourceDate "2010.04.26"]

1. e4 e5 2. Nf3 Nc6 3. Bb5 a6 4. Ba4 Nf6 5. O-O Be7 6. Re1 b5 7. Bb3 d6 8. c3
O-O 9. h3 Na5 10. Bc2 c5 11. d4 Nd7 12. d5 c4 13. b4 cxb3 14. axb3 Qc7 15. Be3
Nb7 16. Na3 Rb8 17. Qd2 Nb6 18. b4 Bd7 19. Bd3 Rfc8 20. Rec1 Nc4 21. Bxc4 bxc4
22. Qc2 Qd8 23. Nd2 Bb5 24. Nxb5 axb5 25. Ra6 h6 26. Rca1 Bg5 27. Nf1 Qd7 28.
Qd2 f6 29. Ra7 Rc7 30. R1a6 Nd8 31. Qa2 Rbb7 32. Ra8 Bxe3 33. Nxe3 Kh7 34. Nf5
Nf7 35. Qe2 g6 36. Ne3 Kg7 37. h4 h5 38. Qa2 Qe7 39. Qa5 Nh6 40. Rc6 Rd7 41.
Rcc8 f5 42. exf5 Qxh4 43. fxg6 Kxg6 44. Qa2 Qe4 45. Re8 Ng4 46. Re6+ Kg7 47.
Qd2 Qd3 48. Qe1 Nxe3 49. fxe3 Kh7 50. Ree8 Qe4 51. Qe2 Qg4 52. Qc2+ Kh6 53.
Re6+ Kg7 54. Ree8 Kh6 55. Rh8+ Kg5 56. Raf8 Rg7 57. Qf2 Qe4 58. Qf6+ Kg4 59.
Qe6+ Kg5 60. Qh6+ 1-0

[Event "Fide Women GP Nalchik 2010"]
[Site "Nalchik"]
[Date "2010.05.03"]
[Round "7.6"]
[White "Zhao, Xue"]
[Black "Danielian, Elina"]
[Result "1-0"]
[WhiteElo "2490"]
[BlackElo "2491"]
[PlyCount "69"]
[EventDate "2010.04.26"]
[EventType "tourn"]
[EventRounds "11"]
[EventCountry "RUS"]
[EventCategory "9"]
[Source "lmi"]
[SourceDate "2010.04.26"]

1. d4 d5 2. c4 dxc4 3. e4 Nf6 4. e5 Nd5 5. Bxc4 Nb6 6. Bb3 Nc6 7. Be3 Bf5 8.
Nc3 e6 9. Nge2 Qd7 10. O-O O-O-O 11. a3 Kb8 12. Rc1 f6 13. exf6 gxf6 14. Na4
Rg8 15. Ng3 Bg6 16. Nxb6 axb6 17. Qf3 f5 18. Rfd1 Bg7 19. d5 Ne5 20. Qe2 exd5
21. Bxd5 Qxd5 22. Rxd5 Rxd5 23. Rd1 Rgd8 24. Rxd5 Rxd5 25. Nh5 Bxh5 26. Qxh5
Ng4 27. Qe8+ Ka7 28. Qa4+ Kb8 29. Bf4 Bd4 30. h3 Nxf2 31. Qe8+ Ka7 32. Bxc7
Ng4+ 33. Kf1 Ne3+ 34. Ke2 b5 35. Qb8+ 1-0

[Event "Fide Women GP Nalchik 2010"]
[Site "Nalchik"]
[Date "2010.05.04"]
[Round "8.1"]
[White "Zhu, Chen"]
[Black "Danielian, Elina"]
[Result "0-1"]
[WhiteElo "2476"]
[BlackElo "2491"]
[PlyCount "246"]
[EventDate "2010.04.26"]
[EventType "tourn"]
[EventRounds "11"]
[EventCountry "RUS"]
[EventCategory "9"]
[Source "lmi"]
[SourceDate "2010.04.26"]

1. d4 d5 2. c4 dxc4 3. e4 Nf6 4. e5 Nd5 5. Bxc4 Nb6 6. Bd3 Nc6 7. Ne2 Bg4 8. f3
Be6 9. Nbc3 Qd7 10. Ne4 Bd5 11. Nc5 Qc8 12. Nf4 e6 13. Be3 Nb4 14. Be2 Bc6 15.
Bf2 N4d5 16. Nfd3 Be7 17. Qc1 Nd7 18. Ne4 Nb4 19. Nf4 Nd5 20. Nh5 O-O 21. O-O
f5 22. exf6 N7xf6 23. Nhxf6+ Nxf6 24. Nc5 Nd5 25. Re1 Bd6 26. Bc4 Kh8 27. Bg3
Re8 28. Qg5 Be7 29. Qg4 Nf6 30. Qh3 Bd5 31. Bd3 e5 32. Bf5 Qd8 33. Bxe5 h6 34.
Ne4 Bxe4 35. Bxe4 Bd6 36. Rad1 Qe7 37. Bxb7 Rab8 38. Bc6 Red8 39. b3 Bxe5 40.
Rxe5 Qb4 41. d5 Qc5+ 42. Kf1 Qc2 43. Rde1 Qxa2 44. Qg3 Qxb3 45. Re7 Qd3+ 46.
Kg1 Qd4+ 47. Kh1 Nxd5 48. Bxd5 Rxd5 49. Qxc7 Rbd8 50. Qxa7 Qxa7 51. Rxa7 Rd1
52. Ra1 R1d2 53. h3 R8d5 54. Kh2 Rg5 55. Rg1 Kh7 56. Ra6 Rf5 57. Ra3 Rb2 58.
Re3 Ra2 59. h4 Rf4 60. Kg3 Raa4 61. Rh1 Rfc4 62. Re5 Rc2 63. h5 Raa2 64. Rg1
Rcb2 65. Kh3 Rf2 66. Rf5 Rfb2 67. g4 Ra3 68. Kg3 Rab3 69. Re1 Rb5 70. Rf4 R5b4
71. Ree4 R4b3 72. Rf8 Rb8 73. Ref4 R2b4 74. R4f7 R4b7 75. Rxb7 Rxb7 76. f4 Rb3+
77. Kh4 Rb4 78. Kg3 Rb3+ 79. Kf2 Rb2+ 80. Kf3 Rb3+ 81. Ke4 Rb4+ 82. Ke5 Rb5+
83. Kd6 Ra5 84. Re8 Ra6+ 85. Ke5 Ra5+ 86. Ke6 Ra6+ 87. Kf5 Ra5+ 88. Re5 Ra4 89.
Rb5 Rc4 90. g5 hxg5 91. fxg5 Rc8 92. Ke6 Ra8 93. Re5 Ra6+ 94. Kf7 Ra7+ 95. Kf8
Ra8+ 96. Ke7 Ra7+ 97. Kd6 Ra6+ 98. Kd5 Ra5+ 99. Ke4 Ra8 100. Re7 Ra4+ 101. Kf5
Ra5+ 102. Re5 Ra8 103. Rd5 Rf8+ 104. Kg4 Ra8 105. Rd4 Rf8 106. Rd7 Kg8 107. Ra7
Rb8 108. g6 Rb4+ 109. Kf5 Rb5+ 110. Ke6 Rb6+ 111. Ke7 Rb8 112. Kd7 Rf8 113. Ra6
Rb8 114. Re6 Ra8 115. Re1 Rb8 116. Ra1 Rf8 117. Ra2 Rb8 118. Ra4 Rf8 119. Re4
Rb8 120. Re8+ Rxe8 121. Kxe8 Kh8 122. h6 Kg8 123. h7+ Kh8 0-1

[Event "Fide Women GP Nalchik 2010"]
[Site "Nalchik"]
[Date "2010.05.04"]
[Round "8.2"]
[White "Munguntuul, Batkhuyag"]
[Black "Zhao, Xue"]
[Result "0-1"]
[WhiteElo "2428"]
[BlackElo "2490"]
[PlyCount "66"]
[EventDate "2010.04.26"]
[EventType "tourn"]
[EventRounds "11"]
[EventCountry "RUS"]
[EventCategory "9"]
[Source "lmi"]
[SourceDate "2010.04.26"]

1. e4 Nf6 2. e5 Nd5 3. d4 d6 4. Nf3 dxe5 5. Nxe5 c6 6. Be2 Bf5 7. O-O Nd7 8.
Nf3 e6 9. a3 Bd6 10. c4 Nf4 11. Bxf4 Bxf4 12. Nc3 O-O 13. Bd3 Bg4 14. Qe2 e5
15. Bc2 f5 16. h3 Bh5 17. Bxf5 Bxf3 18. Be6+ Kh8 19. gxf3 exd4 20. Ne4 Ne5 21.
Kg2 Qe8 22. Bg4 h5 23. Nd6 Qg6 24. c5 d3 25. Qd1 Nxf3 26. Rh1 Nh4+ 27. Kg1 Rad8
28. a4 Bxd6 29. cxd6 Rxd6 30. Kf1 Qe4 31. Rh2 Rdf6 32. Kg1 hxg4 33. hxg4 Rh6
0-1

[Event "Fide Women GP Nalchik 2010"]
[Site "Nalchik"]
[Date "2010.05.04"]
[Round "8.3"]
[White "Dzagnidze, Nana"]
[Black "Hou, Yifan"]
[Result "1-0"]
[WhiteElo "2479"]
[BlackElo "2570"]
[PlyCount "137"]
[EventDate "2010.04.26"]
[EventType "tourn"]
[EventRounds "11"]
[EventCountry "RUS"]
[EventCategory "9"]
[Source "lmi"]
[SourceDate "2010.04.26"]

1. d4 e6 2. c4 d5 3. Nc3 Bb4 4. cxd5 exd5 5. Nf3 Nf6 6. Bg5 Nbd7 7. Qc2 c5 8.
dxc5 h6 9. Bd2 Bxc5 10. e3 O-O 11. Be2 a6 12. O-O b5 13. Rfd1 Bb7 14. Be1 Rc8
15. Qf5 Re8 16. Bd3 Bd6 17. Ne2 d4 18. exd4 Bd5 19. Qh3 Nf8 20. Ne5 Bxe5 21.
dxe5 Rxe5 22. Bc3 Rg5 23. Nf4 Ne6 24. Nxd5 Nxd5 25. Bf1 Qf8 26. Bd2 Rg6 27.
Rac1 Rxc1 28. Rxc1 Ndf4 29. Bxf4 Nxf4 30. Qc8 Re6 31. g3 Ng6 32. Bh3 Rd6 33.
Bf5 a5 34. h4 Rd8 35. Qc7 Ne7 36. Bh3 a4 37. a3 g6 38. Qb6 Rb8 39. Qf6 Nd5 40.
Qe5 Rd8 41. Rd1 Nc7 42. Bd7 Ne6 43. Rd5 Qe7 44. Bxb5 Rxd5 45. Qxd5 Qf6 46. Bc4
Kg7 47. Qc6 Qxb2 48. Bxe6 fxe6 49. Qxa4 Qb1+ 50. Kh2 Qb6 51. Qf4 Qc5 52. Qe3
Qc4 53. Qe5+ Kg8 54. Qf6 Qe4 55. a4 Qxa4 56. Qxg6+ Kf8 57. Qxh6+ Ke7 58. Qg5+
Ke8 59. h5 Qd4 60. Qf4 Qd5 61. g4 Qd8 62. g5 Qd1 63. h6 Qh5+ 64. Kg3 Qh1 65.
Qf3 Qc1 66. Kh4 Qc7 67. Kh5 Qd7 68. Qf6 Qd1+ 69. Kg6 1-0

[Event "Fide Women GP Nalchik 2010"]
[Site "Nalchik"]
[Date "2010.05.04"]
[Round "8.4"]
[White "Kovanova, Baira"]
[Black "Mkrtchian, Lilit"]
[Result "0-1"]
[WhiteElo "2385"]
[BlackElo "2503"]
[PlyCount "102"]
[EventDate "2010.04.26"]
[EventType "tourn"]
[EventRounds "11"]
[EventCountry "RUS"]
[EventCategory "9"]
[Source "lmi"]
[SourceDate "2010.04.26"]

1. e4 c5 2. Nf3 Nc6 3. d4 cxd4 4. Nxd4 e5 5. Nb5 d6 6. N1c3 a6 7. Na3 b5 8. Nd5
Be7 9. c4 b4 10. Nc2 Rb8 11. Be3 Nf6 12. Nxe7 Kxe7 13. f3 Be6 14. Qd2 Nd7 15.
b3 f6 16. Qf2 Qc7 17. Be2 a5 18. O-O g5 19. Rfd1 Rhc8 20. Rac1 Nd8 21. h4 h6
22. hxg5 hxg5 23. Qg3 Nf7 24. Bf2 Nc5 25. Ne3 Qd7 26. Nd5+ Bxd5 27. cxd5 Rc7
28. Rc4 Rbc8 29. Be3 Nb7 30. Qf2 Rxc4 31. Bxc4 Nc5 32. Qe2 Rb8 33. Rc1 g4 34.
Qf2 Rg8 35. Qg3 Qc8 36. Rf1 gxf3 37. Qxf3 Rg6 38. Be2 Qg8 39. Rf2 Ng5 40. Bxg5
fxg5 41. Qf5 g4 42. g3 Rh6 43. Kf1 Rg6 44. Kg2 Kd8 45. Rf1 Qg7 46. Bb5 Rg5 47.
Qf2 Rh5 48. Re1 Qh6 49. Qg1 Rh3 50. Re2 Ke7 51. Re1 Rxg3+ 0-1

[Event "Fide Women GP Nalchik 2010"]
[Site "Nalchik"]
[Date "2010.05.05"]
[Round "9.4"]
[White "Hou, Yifan"]
[Black "Kovanova, Baira"]
[Result "1-0"]
[WhiteElo "2570"]
[BlackElo "2385"]
[PlyCount "73"]
[EventDate "2010.04.26"]
[EventType "tourn"]
[EventRounds "11"]
[EventCountry "RUS"]
[EventCategory "9"]
[Source "lmi"]
[SourceDate "2010.04.26"]

1. e4 e5 2. Nf3 Nc6 3. Bb5 a6 4. Ba4 Nf6 5. O-O Be7 6. Re1 b5 7. Bb3 d6 8. c3
O-O 9. h3 Bb7 10. d4 Nd7 11. Nbd2 exd4 12. cxd4 Bf6 13. Nf1 Re8 14. N1h2 Na5
15. Bc2 h5 16. Rb1 Rc8 17. b3 g6 18. Bf4 Nf8 19. Nf1 Ne6 20. Be3 d5 21. e5 Bg7
22. Bc1 c5 23. dxc5 b4 24. Bd2 Nc6 25. Rc1 Qa5 26. Nh4 Nxe5 27. f4 Qxc5+ 28.
Be3 d4 29. Be4 Qb6 30. Rxc8 Rxc8 31. Bf2 Nxf4 32. Bxd4 Qf6 33. Bxe5 Qxh4 34.
Bxf4 Rd8 35. Qb1 Bd4+ 36. Kh1 Re8 37. Bg3 1-0

[Event "Fide Women GP Nalchik 2010"]
[Site "Nalchik"]
[Date "2010.05.05"]
[Round "9.5"]
[White "Zhao, Xue"]
[Black "Dzagnidze, Nana"]
[Result "1/2-1/2"]
[WhiteElo "2490"]
[BlackElo "2479"]
[PlyCount "144"]
[EventDate "2010.04.26"]
[EventType "tourn"]
[EventRounds "11"]
[EventCountry "RUS"]
[EventCategory "9"]
[Source "lmi"]
[SourceDate "2010.04.26"]

1. d4 Nf6 2. c4 e6 3. g3 d5 4. Nf3 Bb4+ 5. Bd2 Be7 6. Bg2 O-O 7. O-O c6 8. Qc2
b6 9. Rd1 Ba6 10. b3 Nbd7 11. Bf4 Rc8 12. Nc3 Nh5 13. Bc1 f5 14. a4 Qe8 15. e3
Nhf6 16. a5 b5 17. c5 Ne4 18. Na2 Rc7 19. Nb4 Bc8 20. Ne1 e5 21. Nbd3 Bf6 22.
Nf3 exd4 23. exd4 g5 24. Re1 g4 25. Nfe5 Nxe5 26. Nxe5 Bxe5 27. dxe5 Qe6 28. f3
gxf3 29. Bxf3 Rg7 30. Bf4 h6 31. b4 Bd7 32. Ra3 a6 33. Qd1 Be8 34. Bg2 Kh7 35.
Rf1 Bg6 36. Be3 Rgg8 37. Rf4 Rh8 38. Rh4 Kg7 39. Qc1 Be8 40. Bd4 Rh7 41. Rf3
Ng5 42. Rf1 Kg8 43. Be3 Rg7 44. Rf2 Bd7 45. Bd4 Be8 46. Qe3 Bd7 47. Kf1 Re8 48.
Ke1 Nf7 49. Kd1 Rg5 50. Qf4 Qg6 51. Kc1 Rg4 52. Rxg4 fxg4 53. Qe3 Qg5 54. Qxg5+
Nxg5 55. Rf6 Re6 56. Rf4 Re7 57. Rf6 Re6 58. Rf2 Re7 59. Kd2 Rf7 60. Rf4 Bf5
61. Ke3 Kh7 62. Bf1 Kg6 63. Be2 h5 64. Rf1 Ne6 65. Rf2 Be4 66. Rf1 Rxf1 67.
Bxf1 Bf5 68. Bg2 Kf7 69. Bc3 Kg6 70. Bb2 Kf7 71. Bc3 Kg6 72. Bb2 Kf7 1/2-1/2

[Event "Fide Women GP Nalchik 2010"]
[Site "Nalchik"]
[Date "2010.05.05"]
[Round "9.6"]
[White "Danielian, Elina"]
[Black "Munguntuul, Batkhuyag"]
[Result "0-1"]
[WhiteElo "2491"]
[BlackElo "2428"]
[PlyCount "66"]
[EventDate "2010.04.26"]
[EventType "tourn"]
[EventRounds "11"]
[EventCountry "RUS"]
[EventCategory "9"]
[Source "lmi"]
[SourceDate "2010.04.26"]

1. Nf3 Nf6 2. c4 c5 3. g3 d5 4. cxd5 Nxd5 5. Bg2 Nc6 6. O-O e5 7. Nc3 Nc7 8. d3
Be7 9. Nd2 O-O 10. Nc4 f6 11. Bxc6 bxc6 12. Be3 Bh3 13. Re1 Nd5 14. Qd2 Qe8 15.
Rac1 Rd8 16. Na4 f5 17. Bxc5 f4 18. b4 e4 19. dxe4 Nb6 20. Qc2 Nxa4 21. Bxa7
Bxb4 22. Red1 Rxd1+ 23. Rxd1 Nc3 24. Nd6 Qe6 25. Rd3 Nxe2+ 26. Qxe2 Bxd6 27.
Bd4 Ra8 28. Rd2 Ra4 29. e5 Qd5 30. f3 Rxd4 31. exd6 h6 32. Qe8+ Kh7 33. Qe4+
Qxe4 0-1

[Event "Fide Women GP Nalchik 2010"]
[Site "Nalchik"]
[Date "2010.05.06"]
[Round "10.2"]
[White "Dzagnidze, Nana"]
[Black "Danielian, Elina"]
[Result "1-0"]
[WhiteElo "2479"]
[BlackElo "2491"]
[PlyCount "73"]
[EventDate "2010.04.26"]
[EventType "tourn"]
[EventRounds "11"]
[EventCountry "RUS"]
[EventCategory "9"]
[Source "lmi"]
[SourceDate "2010.04.26"]

1. Nf3 Nf6 2. d4 d5 3. c4 dxc4 4. Qa4+ Nbd7 5. Nc3 e6 6. e4 a6 7. Bxc4 c6 8.
Qc2 b5 9. Be2 Bb7 10. e5 Nd5 11. Nxd5 cxd5 12. O-O Be7 13. Bd3 Rc8 14. Qe2 Bc6
15. Bd2 O-O 16. Rfc1 Qb6 17. a3 Qa7 18. Bb4 Nb6 19. b3 Rfd8 20. Bc5 Be8 21. Rc2
Rc6 22. Rac1 Rdc8 23. h4 h6 24. Rc3 Qb7 25. Bb1 Nd7 26. b4 Nb6 27. h5 Nc4 28.
Qc2 g6 29. Nh2 Bxc5 30. bxc5 Qe7 31. Ng4 Qg5 32. Nf6+ Kg7 33. hxg6 Nxe5 34.
Nxe8+ Rxe8 35. dxe5 Qxe5 36. gxf7 Kxf7 37. Qh7+ 1-0

[Event "Fide Women GP Nalchik 2010"]
[Site "Nalchik"]
[Date "2010.05.06"]
[Round "10.3"]
[White "Kovanova, Baira"]
[Black "Zhao, Xue"]
[Result "0-1"]
[WhiteElo "2385"]
[BlackElo "2490"]
[PlyCount "151"]
[EventDate "2010.04.26"]
[EventType "tourn"]
[EventRounds "11"]
[EventCountry "RUS"]
[EventCategory "9"]
[Source "lmi"]
[SourceDate "2010.04.26"]

1. e4 e5 2. Nf3 Nc6 3. Bb5 a6 4. Ba4 Nf6 5. O-O Be7 6. d3 b5 7. Bb3 d6 8. c3
O-O 9. Re1 Na5 10. Bc2 c5 11. Nbd2 Nc6 12. Nf1 Be6 13. Bg5 Rc8 14. h3 h6 15.
Bh4 Re8 16. Ne3 Nd7 17. Bxe7 Qxe7 18. d4 cxd4 19. cxd4 exd4 20. Nxd4 Nxd4 21.
Qxd4 Rc6 22. f4 Qf6 23. e5 dxe5 24. Qe4 Rd6 25. fxe5 Nxe5 26. Rf1 Qg5 27. Qh7+
Kf8 28. Rae1 Qg3 29. Re2 Red8 30. Nf5 Bxf5 31. Qxf5 Rd2 32. Rxd2 Rxd2 33. Qc8+
Ke7 34. Qc5+ Rd6 35. Bf5 Ke8 36. Kh1 Rd8 37. Be4 Qg5 38. Rf5 Rd1+ 39. Kh2 Ng4+
40. Kg3 Qe3+ 41. Bf3 Qxc5 42. Rxc5 Rd2 43. Bxg4 Rxb2 44. Re5+ Kf8 45. Re2 Rb4
46. Bf3 g6 47. Rc2 Rd4 48. Bb7 a5 49. Rc5 b4 50. Rxa5 b3 51. axb3 Rd3+ 52. Kf4
Rxb3 53. Bd5 Rb1 54. Ke5 Rf1 55. Ra3 Rf5+ 56. Ke4 Rf2 57. Ke5 Ke7 58. Ra7+ Kf8
59. Rd7 Rf5+ 60. Kd6 Rf6+ 61. Kc5 Rf2 62. Ra7 h5 63. Ra2 Rf1 64. Ra3 Rf2 65.
Rf3 Rxf3 66. Bxf3 Ke7 67. Kc6 f5 68. Kd5 Kf6 69. Kd6 h4 70. Kd5 g5 71. Kd6 g4
72. hxg4 Kg5 73. gxf5 Kxf5 74. Bd5 Kg5 75. Be6 Kf6 76. Bh3 0-1

[Event "Fide Women GP Nalchik 2010"]
[Site "Nalchik"]
[Date "2010.05.06"]
[Round "10.6"]
[White "Kosintseva, Tatiana"]
[Black "Cramling, Pia"]
[Result "1-0"]
[WhiteElo "2524"]
[BlackElo "2523"]
[PlyCount "123"]
[EventDate "2010.04.26"]
[EventType "tourn"]
[EventRounds "11"]
[EventCountry "RUS"]
[EventCategory "9"]
[Source "lmi"]
[SourceDate "2010.04.26"]

1. e4 c5 2. Nf3 Nc6 3. Nc3 d6 4. d4 cxd4 5. Nxd4 Nf6 6. Bg5 e6 7. Qd2 Be7 8.
O-O-O Nxd4 9. Qxd4 O-O 10. f4 Qa5 11. Bc4 Bd7 12. e5 dxe5 13. fxe5 Bc6 14. Bd2
Nd7 15. Nd5 Qd8 16. Nxe7+ Qxe7 17. Rhe1 Nb6 18. Bf1 Rfd8 19. Qg4 Qc5 20. Qb4
Qf2 21. Qf4 Qxf4 22. Bxf4 Rxd1+ 23. Rxd1 Nd5 24. Bd2 b5 25. b3 Rc8 26. Kb2 f6
27. Re1 f5 28. g3 Kf7 29. c4 bxc4 30. Bxc4 Bb7 31. Rc1 Ne7 32. a4 a6 33. b4 Nc6
34. Bc3 g5 35. b5 axb5 36. axb5 Ne7 37. Bd2 h6 38. Kb3 Ng6 39. Bc3 f4 40. Rd1
f3 41. Rd7+ Ke8 42. Bxe6 f2 43. Rd1 Rc7 44. Rf1 Re7 45. Bc4 Nxe5 46. Bxe5 Rxe5
47. Rxf2 h5 48. Kb4 Kd8 49. Ka5 Bh1 50. Ka6 Re4 51. Rc2 Rd4 52. b6 Be4 53. b7
Rd6+ 54. Ka7 Rd7 55. Rd2 Bxb7 56. Rxd7+ Kxd7 57. Kxb7 Kd6 58. Kc8 h4 59. g4 Ke5
60. Kd7 Kf4 61. h3 Kg3 62. Ke6 1-0

[Event "Fide Women GP Nalchik 2010"]
[Site "Nalchik"]
[Date "2010.05.07"]
[Round "11.2"]
[White "Mkrtchian, Lilit"]
[Black "Kosintseva, Tatiana"]
[Result "0-1"]
[WhiteElo "2503"]
[BlackElo "2524"]
[PlyCount "80"]
[EventDate "2010.04.26"]
[EventType "tourn"]
[EventRounds "11"]
[EventCountry "RUS"]
[EventCategory "9"]
[Source "lmi"]
[SourceDate "2010.04.26"]

1. c4 Nf6 2. d4 e6 3. Nc3 Bb4 4. Qc2 O-O 5. a3 Bxc3+ 6. Qxc3 d5 7. cxd5 Ne4 8.
Qc2 exd5 9. Bf4 Nc6 10. e3 Re8 11. O-O-O Bf5 12. Bd3 Rc8 13. f3 Nxd4 14. exd4
c5 15. fxe4 dxe4 16. Bc4 cxd4 17. Kb1 Be6 18. Qxe4 Bxc4 19. Qf3 Qb6 20. Nh3 d3
21. Rxd3 Bxd3+ 22. Qxd3 Rcd8 23. Qf3 Qb5 24. Bc1 Rd3 25. Qf1 Qb3 26. Nf4 Rdd8
27. h4 Rc8 28. Qf2 b5 29. Rf1 a5 30. Qf3 Qc2+ 31. Ka1 b4 32. Nd5 f6 33. Qg4 Kh8
34. Nb6 Rcd8 35. h5 h6 36. axb4 axb4 37. Qxb4 Ra8+ 38. Nxa8 Rxa8+ 39. Qa3 Rxa3+
40. bxa3 Qxg2 0-1

[Event "Fide Women GP Nalchik 2010"]
[Site "Nalchik"]
[Date "2010.05.07"]
[Round "11.5"]
[White "Danielian, Elina"]
[Black "Kovanova, Baira"]
[Result "0-1"]
[WhiteElo "2491"]
[BlackElo "2385"]
[PlyCount "132"]
[EventDate "2010.04.26"]
[EventType "tourn"]
[EventRounds "11"]
[EventCountry "RUS"]
[EventCategory "9"]
[Source "lmi"]
[SourceDate "2010.04.26"]

1. Nf3 Nf6 2. c4 e6 3. g3 b6 4. Bg2 Bb7 5. O-O Be7 6. Nc3 c5 7. b3 O-O 8. Bb2
d5 9. Ne5 Nbd7 10. f4 Nxe5 11. fxe5 Ng4 12. e4 Nxe5 13. exd5 Nd3 14. Ba3 Bf6
15. Qe2 Nb4 16. Rac1 a5 17. Kh1 Re8 18. Qh5 exd5 19. Bxb4 Re5 20. Qg4 h5 21.
Qf4 axb4 22. Nxd5 Bxd5 23. cxd5 Rxa2 24. Rce1 Rxd5 25. Bxd5 Qxd5+ 26. Qf3 Qxf3+
27. Rxf3 Rxd2 28. Re8+ Kh7 29. Rb8 Rd6 30. Rb7 Kg6 31. Kg2 Rc6 32. Kf1 Bd4 33.
Ke2 f6 34. Kd3 Rd6 35. Kc4 f5 36. Rd3 Kf6 37. Rd2 g6 38. Ra2 Kg5 39. h3 Be5 40.
Rg2 Rd4+ 41. Kb5 Rd3 42. h4+ Kh6 43. Rxb6 Bxg3 44. Kxc5 Rxb3 45. Kc4 Re3 46.
Kxb4 Re4+ 47. Kc5 Rg4 48. Kd5 Bxh4 49. Ra2 Bg3 50. Ke6 h4 51. Kf7 Kh5 52. Ra8
Rg5 53. Rh8+ Kg4 54. Kf6 f4 55. Rb3 Rh5 56. Ra8 h3 57. Ra1 h2 58. Rbb1 g5 59.
Kg6 f3 60. Rf1 Bf4 61. Rab1 h1=Q 62. Rxh1 Rxh1 63. Rxh1 f2 64. Rb1 Kf3 65. Kf5
Kg2 66. Rb2 Kg1 0-1

[Event "Fide Women GP Nalchik 2010"]
[Site "Nalchik"]
[Date "2010.05.07"]
[Round "11.6"]
[White "Munguntuul, Batkhuyag"]
[Black "Dzagnidze, Nana"]
[Result "1/2-1/2"]
[WhiteElo "2428"]
[BlackElo "2479"]
[PlyCount "138"]
[EventDate "2010.04.26"]
[EventType "tourn"]
[EventRounds "11"]
[EventCountry "RUS"]
[EventCategory "9"]
[Source "lmi"]
[SourceDate "2010.04.26"]

1. e4 c6 2. d4 d5 3. f3 dxe4 4. fxe4 e5 5. Nf3 Bg4 6. Bc4 Nd7 7. O-O Ngf6 8.
Be3 exd4 9. Bxd4 Bc5 10. c3 Qe7 11. Nbd2 O-O 12. Qc2 Bxf3 13. gxf3 Ne5 14. Kh1
Rad8 15. Nb3 Bb6 16. Be2 Ng6 17. Rg1 Nh5 18. Bxb6 axb6 19. Nd4 Ngf4 20. a4 g6
21. Bf1 Kh8 22. Re1 Ne6 23. Ne2 Qh4 24. Ng3 Nxg3+ 25. Rxg3 Qf4 26. Qf2 Qd2 27.
Rg2 Qxf2 28. Rxf2 Nf4 29. Bc4 Kg7 30. Rc2 Rfe8 31. Kg1 g5 32. Kf2 Re5 33. b3 h5
34. Ra2 h4 35. Rea1 Rc5 36. Rc2 f5 37. exf5 Rxf5 38. Re1 Ng6 39. Be6 Re5 40.
Bg4 Rd3 41. Rxe5 Nxe5 42. Re2 Kf6 43. Re3 Rd2+ 44. Kg1 Rb2 45. c4 Rb1+ 46. Kf2
Rb2+ 47. Kg1 Ng6 48. Bc8 Nf4 49. h3 c5 50. Kf1 Rb1+ 51. Kf2 Rh1 52. Bg4 Rh2+
53. Kf1 Nxh3 54. Re6+ Kf7 55. Rxb6 Nf4 56. Rxb7+ Kf6 57. Kg1 Rb2 58. a5 Ra2 59.
Rb5 Ra1+ 60. Kh2 Ra2+ 61. Kh1 Nd3 62. Rb8 Rxa5 63. Rf8+ Kg7 64. Rf5 Kg6 65. Rd5
Ra1+ 66. Kh2 Ra2+ 67. Kg1 Ra1+ 68. Kh2 Ra2+ 69. Kg1 Ra1+ 1/2-1/2